The sound I saw : (Record no. 353356)

000 -LEADER
fixed length control field 00840 a2200241 4500
003 - CONTROL NUMBER IDENTIFIER
control field OSt
005 - DATE AND TIME OF LATEST TRANSACTION
control field 20180116192402.0
008 - FIXED-LENGTH DATA ELEMENTS--GENERAL INFORMATION
fixed length control field 120703t xxu||||| |||| 00| 0 eng d
010 ## - LIBRARY OF CONGRESS CONTROL NUMBER
LC control number 12646634
020 ## - INTERNATIONAL STANDARD BOOK NUMBER
International Standard Book Number 0714843318
020 ## - INTERNATIONAL STANDARD BOOK NUMBER
International Standard Book Number 9780714843315
040 ## - CATALOGING SOURCE
Transcribing agency 0
082 ## - DEWEY DECIMAL CLASSIFICATION NUMBER
Classification number 779.978165092
100 ## - MAIN ENTRY--PERSONAL NAME
Personal name DeCarava, Roy.
9 (RLIN) 5516
245 14 - TITLE STATEMENT
Title The sound I saw :
Remainder of title improvisation on a jazz theme / |
Statement of responsibility, etc. Roy DeCarava.
260 ## - PUBLICATION, DISTRIBUTION, ETC.
Place of publication, distribution, etc. London ;
-- New York :
Name of publisher, distributor, etc. Phaidon,
Date of publication, distribution, etc. 2001.
300 ## - PHYSICAL DESCRIPTION
Extent 1 v. (unpaged) :
Other physical details chiefly ill. ;
Dimensions 35 cm.
650 10 - SUBJECT ADDED ENTRY--TOPICAL TERM
Topical term or geographic name entry element Jazz musicians
Geographic subdivision New York (State)
-- New York
Chronological subdivision Portraits.
9 (RLIN) 5517
651 #0 - SUBJECT ADDED ENTRY--GEOGRAPHIC NAME
Geographic name Harlem (New York, N.Y.)
Chronological subdivision Pictorial works.
9 (RLIN) 5518
651 #0 - SUBJECT ADDED ENTRY--GEOGRAPHIC NAME
Geographic name New York (N.Y.)
General subdivision Pictorial works.
9 (RLIN) 5519
942 ## - ADDED ENTRY ELEMENTS (KOHA)
Institution code [OBSOLETE] SADA
Koha item type Reference
Call number prefix REF 779.978165092 DEC 2001
Source of classification or shelving scheme
952 ## - LOCATION AND ITEM INFORMATION (KOHA)
-- REF
Holdings
Withdrawn status Lost status Source of classification or shelving scheme Damaged status Not for loan Permanent Location Current Location Date acquired Total Checkouts Full call number Barcode Date last seen Cost, replacement price Price effective from Koha item type
          School of Art Design and Architecture (SADA) School of Art Design and Architecture (SADA) 06/30/2011   REF 779.978165092 DEC 2001 SADA0001534 08/05/2011 2400.00 08/05/2011 Reference
© 2023 Central Library, National University of Sciences and Technology. All Rights Reserved.